Biggest Beer-Buying Holidays in the US - Statistics

General Stats
  • This quiz has been taken 1,077 times
  • The average score is 8 of 11
Answer Stats
Cases of Beer Sold Holiday % Correct
52.8 million cases Christmas
98%
63.5 million cases Fourth of July
94%
52.8 million cases Thanksgiving
93%
60.2 million cases Labor Day
78%
61.0 million cases Memorial Day
77%
50.9 million cases Halloween
74%
50.7 million cases Easter
73%
48.7 million cases St. Patrick's Day
59%
49.2 million cases Super Bowl Sunday
48%
57.7 million cases Fathers Day
33%
54.0 million cases Cinco De Mayo
26%
No matching quizzes found
Score Distribution
Percent of People with Each Score
Percentile by Number Answered
Your Score History
You have not taken this quiz